| 000 | 00640nam a2200205 u 4500 | ||
|---|---|---|---|
| 005 | 20210223131829.0 | ||
| 008 | 120927s2005 r 000 0 eng d | ||
| 020 | _a9707321334 | ||
| 035 | _aUPN01000186845 | ||
| 049 | _aCG | ||
| 050 | 4 |
_aPQ7797 B6.35 _bZ6.4 |
|
| 100 | 1 |
_aMolachino, Justo R., _d1965- _932783 |
|
| 245 | 1 | 0 |
_aBorges ante el espejo / _cJusto R. Molachino, Jorge Mejía Prieto. |
| 260 |
_aMéxico : _bLectorum, _c2005. |
||
| 300 |
_a175 p. : _bil. |
||
| 600 | 1 | 4 |
_aBORGES, JORGE LUIS, _d1899-1986 - _xCRITICA E INTERPRETACION _95546 |
| 700 | 1 |
_aMejía Prieto, Jorge, _ecoaut. _929283 |
|
| 905 | _aLibro | ||
| 999 |
_c158948 _d158948 |
||